Big Countries (A-Z) Quiz Stats

Quiz Updated Dec 16, 2013

Challenge
Share
Tweet
Embed
Score 0/192 Timer 09:00
0 Plays Today
Category Country % Correct
Most Populous CountriesUnited States
96.6%
Largest Countries (Area)United States
96.6%
Highest GDP per capitaUnited States
96.6%
% of GDP spent on military (biggest)United States
96.6%
Most Populous CountriesChina
96.5%
% of GDP spent on military (biggest)China
96.5%
Most Populous CountriesRussia
94.3%
Largest Countries (Area)Russia
94.3%
Highest GDP per capitaRussia
94.3%
% of GDP spent on military (biggest)Russia
94.3%
Most Populous CountriesIndia
92.9%
Largest Countries (Area)India
92.9%
Most Populous CountriesBrazil
91.9%
Largest Countries (Area)Brazil
91.9%
Most Populous CountriesFrance
91%
Largest Countries (Area)France
91%
Highest Life ExpectancyFrance
91%
% of GDP spent on military (biggest)France
91%
Most Populous CountriesJapan
90.2%
Largest Countries (Area)Japan
90.2%
Highest Life ExpectancyJapan
90.2%
Highest GDP per capitaJapan
90.2%
Least Corrupt CountriesJapan
90.2%
Largest Countries (Area)Canada
89.5%
Highest Life ExpectancyCanada
89.5%
Highest GDP per capitaCanada
89.5%
Least Corrupt CountriesCanada
89.5%
Most Populous CountriesGermany
88.8%
Largest Countries (Area)Germany
88.8%
Highest GDP per capitaGermany
88.8%
Least Corrupt CountriesGermany
88.8%
Largest Countries (Area)Australia
86.6%
Least Corrupt CountriesAustralia
86.6%
Highest Life ExpectancyUnited Kingdom
85.7%
Least Corrupt CountriesUnited Kingdom
85.7%
Highest Life ExpectancyDenmark
85.4%
Highest GDP per capitaDenmark
85.4%
Least Corrupt CountriesDenmark
85.4%
Most Populous CountriesArgentina
85.3%
Highest Life ExpectancyGermany
83.9%
Most Populous CountriesYemen
83.5%
Least Populous CountriesYemen
83.5%
Largest Countries (Area)Yemen
83.5%
Smallest Countries (Area)Yemen
83.5%
Highest Life ExpectancyYemen
83.5%
Highest GDP per capitaYemen
83.5%
% of GDP spent on military (biggest)Yemen
83.5%
Least Corrupt CountriesYemen
83.5%
Most Populous CountriesQatar
83.1%
Least Populous CountriesQatar
83.1%
Largest Countries (Area)Qatar
83.1%
Smallest Countries (Area)Qatar
83.1%
Highest Life ExpectancyQatar
83.1%
Highest GDP per capitaQatar
83.1%
% of GDP spent on military (biggest)Qatar
83.1%
Least Corrupt CountriesQatar
83.1%
Least Populous CountriesVatican City
82.5%
Smallest Countries (Area)Vatican City
82.5%
Most Populous CountriesOman
80.9%
Least Populous CountriesOman
80.9%
Largest Countries (Area)Oman
80.9%
Smallest Countries (Area)Oman
80.9%
Highest Life ExpectancyOman
80.9%
Highest GDP per capitaOman
80.9%
Category Country % Correct
% of GDP spent on military (biggest)Oman
80.9%
Least Corrupt CountriesOman
80.9%
Least Populous CountriesZimbabwe
80.4%
Smallest Countries (Area)Zimbabwe
80.4%
% of GDP spent on military (biggest)Zimbabwe
80.4%
Most Populous CountriesMexico
78.4%
Largest Countries (Area)Mexico
78.4%
Highest GDP per capitaFinland
76.3%
Least Corrupt CountriesFinland
76.3%
Most Populous CountriesZambia
75.8%
Largest Countries (Area)Zambia
75.8%
Highest Life ExpectancyZambia
75.8%
Highest GDP per capitaZambia
75.8%
Least Corrupt CountriesZambia
75.8%
Highest GDP per capitaNorway
72.8%
Least Corrupt CountriesSweden
71.5%
Largest Countries (Area)Venezuela
71.5%
Highest GDP per capitaVenezuela
71.5%
Least Populous CountriesAndorra
71.4%
Highest Life ExpectancyAndorra
71.4%
Highest Life ExpectancyVenezuela
71%
Most Populous CountriesTurkey
70.5%
% of GDP spent on military (biggest)Turkey
70.5%
Most Populous CountriesEthiopia
69.5%
Largest Countries (Area)Ethiopia
69.5%
Most Populous CountriesVietnam
68.9%
% of GDP spent on military (biggest)Vietnam
68.9%
Least Populous CountriesIceland
68.2%
Least Corrupt CountriesIceland
68.2%
Most Populous CountriesPakistan
67.6%
% of GDP spent on military (biggest)Pakistan
67.6%
Highest Life ExpectancyItaly
67.2%
Largest Countries (Area)Niger
67.2%
Least Corrupt CountriesVietnam
67%
Least Populous CountriesMonaco
66.7%
Smallest Countries (Area)Monaco
66.7%
Highest Life ExpectancyMonaco
66.7%
Largest Countries (Area)Kazakhstan
65.7%
Most Populous CountriesHungary
65.6%
Highest Life ExpectancyHungary
65.6%
Highest GDP per capitaHungary
65.6%
% of GDP spent on military (biggest)Hungary
65.6%
Least Corrupt CountriesHungary
65.6%
Most Populous CountriesSouth Africa
65.1%
Most Populous CountriesNigeria
65.1%
Smallest Countries (Area)Haiti
64.9%
% of GDP spent on military (biggest)Iraq
64.8%
Largest Countries (Area)Peru
63.9%
Most Populous CountriesKenya
63.2%
Highest GDP per capitaIreland
63.2%
Least Populous CountriesLiechtenstein
62.9%
Smallest Countries (Area)Liechtenstein
62.9%
Highest Life ExpectancyLiechtenstein
62.9%
Highest GDP per capitaLiechtenstein
62.9%
Least Populous CountriesJamaica
62.2%
Smallest Countries (Area)Jamaica
62.2%
Least Populous CountriesFiji
61.2%
Smallest Countries (Area)Fiji
61.2%
Least Corrupt CountriesLuxembourg
60.7%
Highest Life ExpectancyPortugal
60%
Highest GDP per capitaPortugal
60%
Least Corrupt CountriesPortugal
60%
Highest GDP per capitaAustria
60%
Most Populous CountriesLaos
60%
Category Country % Correct
Most Populous CountriesDem. Rep. of the Congo
59.1%
Largest Countries (Area)Dem. Rep. of the Congo
59.1%
Smallest Countries (Area)Israel
58.8%
Least Populous CountriesHonduras
58.6%
Largest Countries (Area)Honduras
58.6%
Least Corrupt CountriesNew Zealand
58%
Highest Life ExpectancyBelgium
58%
Highest Life ExpectancyNetherlands
56.4%
Least Populous CountriesSan Marino
56.4%
Smallest Countries (Area)San Marino
56.4%
Least Populous CountriesUruguay
56.1%
Largest Countries (Area)Libya
55.6%
% of GDP spent on military (biggest)Libya
55.6%
Smallest Countries (Area)United Arab Emirates
55.3%
Least Corrupt CountriesEstonia
54.4%
Largest Countries (Area)Saudi Arabia
53.7%
% of GDP spent on military (biggest)Greece
52.9%
% of GDP spent on military (biggest)Saudi Arabia
52.5%
% of GDP spent on military (biggest)Djibouti
51.6%
Highest GDP per capitaEstonia
51.4%
Least Populous CountriesDominica
51.2%
Smallest Countries (Area)Dominica
51.2%
% of GDP spent on military (biggest)Jordan
51.1%
Smallest Countries (Area)Rwanda
50.8%
Least Corrupt CountriesRwanda
50.8%
Least Populous CountriesTuvalu
50.6%
Smallest Countries (Area)Tuvalu
50.6%
% of GDP spent on military (biggest)Eritrea
50.3%
Least Populous CountriesNauru
50%
Smallest Countries (Area)Nauru
50%
Least Populous CountriesKiribati
49.1%
Smallest Countries (Area)Kiribati
49.1%
Least Populous CountriesPalau
48.5%
Smallest Countries (Area)Palau
48.5%
Highest Life ExpectancyKuwait
48%
Highest GDP per capitaKuwait
48%
% of GDP spent on military (biggest)Kuwait
48%
Least Corrupt CountriesKuwait
48%
Highest Life ExpectancySingapore
45.6%
Highest Life ExpectancyEcuador
44.4%
Highest GDP per capitaMalta
44.2%
Highest Life ExpectancyRomania
43.4%
Highest GDP per capitaSingapore
43%
Least Populous CountriesBarbados
42.8%
Smallest Countries (Area)Barbados
42.8%
Least Corrupt CountriesBarbados
42.8%
Smallest Countries (Area)Antigua and Barbuda
40.4%
Least Corrupt CountriesMalta
40.2%
% of GDP spent on military (biggest)Angola
39.9%
Least Populous CountriesGrenada
38.1%
Smallest Countries (Area)Grenada
38.1%
Smallest Countries (Area)Comoros
38%
Largest Countries (Area)Tanzania
37.2%
Highest Life ExpectancyTaiwan
36.4%
Highest GDP per capitaTaiwan
36.4%
Least Corrupt CountriesTaiwan
36.4%
Smallest Countries (Area)El Salvador
36.1%
Highest GDP per capitaBrunei
35.4%
Least Populous CountriesEquatorial Guinea
30%
% of GDP spent on military (biggest)Namibia
29.3%
Least Populous CountriesRep of the Congo
29.3%
Least Populous CountriesCabo Verde
26%
% of GDP spent on military (biggest)Burundi
25.8%
% of GDP spent on military (biggest)Macedonia
20.4%

You're not logged in!

Compare scores with friends on all Sporcle quizzes.
Join for Free
OR
Log In

You Might Also Like...

Show Comments

Extras

Top Quizzes Today


Score Distribution

Your Account Isn't Verified!

In order to create a playlist on Sporcle, you need to verify the email address you used during registration. Go to your Sporcle Settings to finish the process.

Report this User

Report this user for behavior that violates our Community Guidelines.

Details: